<?xml version="1.0" encoding="UTF-8"?>
<record
    xmlns:xsi="http://www.w3.org/2001/XMLSchema-instance"
    xsi:schemaLocation="http://www.loc.gov/MARC21/slim http://www.loc.gov/standards/marcxml/schema/MARC21slim.xsd"
    xmlns="http://www.loc.gov/MARC21/slim">

  <leader>01758nam a22002657i 4500</leader>
  <datafield tag="999" ind1=" " ind2=" ">
    <subfield code="c">23656</subfield>
    <subfield code="d">23656</subfield>
  </datafield>
  <controlfield tag="003">AR-CdUCM</controlfield>
  <controlfield tag="008">260428b2014    sp d|||| |||| 00| 0 spa d</controlfield>
  <datafield tag="020" ind1=" " ind2=" ">
    <subfield code="a">9785396011137</subfield>
  </datafield>
  <datafield tag="040" ind1=" " ind2=" ">
    <subfield code="a">MUNICIPALIDAD PROVINCIAL DEL CUSCO</subfield>
    <subfield code="c">BIBLIOTECA MUNICIPAL DEL CUSCO</subfield>
  </datafield>
  <datafield tag="082" ind1=" " ind2=" ">
    <subfield code="a">510</subfield>
    <subfield code="b">G91 / t.1</subfield>
  </datafield>
  <datafield tag="100" ind1=" " ind2=" ">
    <subfield code="a">Guik, Yevgueni</subfield>
  </datafield>
  <datafield tag="245" ind1=" " ind2=" ">
    <subfield code="a">Matem&#xE1;tica en el tablero de ajedrez : </subfield>
    <subfield code="b">El tablero y las piezas / </subfield>
  </datafield>
  <datafield tag="260" ind1=" " ind2=" ">
    <subfield code="a">Espa&#xF1;a : </subfield>
    <subfield code="b">KRASAND</subfield>
    <subfield code="c">2014</subfield>
  </datafield>
  <datafield tag="300" ind1=" " ind2=" ">
    <subfield code="a">218 p&#xE1;ginas. : </subfield>
    <subfield code="c">15x21,5 cm. </subfield>
  </datafield>
  <datafield tag="505" ind1=" " ind2=" ">
    <subfield code="a">El tablero de ajedrez: estructura y caracter&#xED;sticas -- Origen hist&#xF3;rico del ajedrez y su v&#xED;nculo con la matem&#xE1;tica -- Sistema de coordenadas y notaci&#xF3;n algebraica -- Representaci&#xF3;n del tablero como plano cartesiano -- Propiedades geom&#xE9;tricas del tablero -- Concepto de casillas y colores alternos -- Movimiento y valor relativo del rey -- Movimiento y potencia de la dama -- Trayectorias de la torre en filas y columnas -- Movimiento diagonal del alfil y su alcance -- El caballo y sus desplazamientos no lineales -- El pe&#xF3;n: movimiento, captura y promoci&#xF3;n -- Problemas cl&#xE1;sicos del recorrido del caballo -- Caminos m&#xED;nimos en el tablero -- Simetr&#xED;as, patrones y regularidades -- Introducci&#xF3;n a la teor&#xED;a de grafos aplicada al ajedrez -- Conteo de movimientos posibles de las piezas -- Estrategias combinatorias b&#xE1;sicas -- Resoluci&#xF3;n de problemas matem&#xE1;ticos en el tablero -- Ejercicios propuestos y soluciones guiadas</subfield>
  </datafield>
  <datafield tag="650" ind1=" " ind2=" ">
    <subfield code="a">Ajedrez</subfield>
    <subfield code="9">3993</subfield>
  </datafield>
  <datafield tag="650" ind1=" " ind2=" ">
    <subfield code="a">Matem&#xE1;tica recreativa</subfield>
    <subfield code="9">52768</subfield>
  </datafield>
  <datafield tag="650" ind1=" " ind2=" ">
    <subfield code="a">Teor&#xED;a de grafos</subfield>
    <subfield code="9">41933</subfield>
  </datafield>
  <datafield tag="650" ind1=" " ind2=" ">
    <subfield code="a">Geometr&#xED;a</subfield>
    <subfield code="9">52780</subfield>
  </datafield>
  <datafield tag="650" ind1=" " ind2=" ">
    <subfield code="a">An&#xE1;lisis combinatorio</subfield>
    <subfield code="9">52781</subfield>
  </datafield>
  <datafield tag="650" ind1=" " ind2=" ">
    <subfield code="a">Juegos de estrategia</subfield>
    <subfield code="9">52782</subfield>
  </datafield>
  <datafield tag="942" ind1=" " ind2=" ">
    <subfield code="2">ddc</subfield>
    <subfield code="c">LIBROS</subfield>
  </datafield>
  <datafield tag="945" ind1=" " ind2=" ">
    <subfield code="a">esh</subfield>
    <subfield code="d">28-04-2026</subfield>
  </datafield>
  <datafield tag="952" ind1=" " ind2=" ">
    <subfield code="0">0</subfield>
    <subfield code="2">ddc</subfield>
    <subfield code="4">0</subfield>
    <subfield code="7">0</subfield>
    <subfield code="a">SC</subfield>
    <subfield code="b">SC</subfield>
    <subfield code="c">CART</subfield>
    <subfield code="d">2026-04-28</subfield>
    <subfield code="e">Donaci&#xF3;n</subfield>
    <subfield code="g">20.00</subfield>
    <subfield code="o">510 / G91 / t.1</subfield>
    <subfield code="p">SC0000002489</subfield>
    <subfield code="r">2026-04-28</subfield>
    <subfield code="y">LIBROS</subfield>
  </datafield>
  <datafield tag="952" ind1=" " ind2=" ">
    <subfield code="0">0</subfield>
    <subfield code="2">ddc</subfield>
    <subfield code="4">0</subfield>
    <subfield code="7">0</subfield>
    <subfield code="a">SC</subfield>
    <subfield code="b">SC</subfield>
    <subfield code="c">CART</subfield>
    <subfield code="d">2026-04-28</subfield>
    <subfield code="e">Donaci&#xF3;n</subfield>
    <subfield code="g">20.00</subfield>
    <subfield code="o">510 / G91 / t.1 / e.2</subfield>
    <subfield code="p">SC0000002490</subfield>
    <subfield code="r">2026-04-28</subfield>
    <subfield code="y">LIBROS</subfield>
  </datafield>
</record>
